<?xml version="1.0" encoding="UTF-8"?>
<collection xmlns="http://www.loc.gov/MARC21/slim">
    <record>
        <controlfield tag="001">86898</controlfield>
        <controlfield tag="005">20200108151741.0</controlfield>
        <datafield tag="037" ind1=" " ind2=" ">
            <subfield code="a">TAZ-TFG-2019-3922</subfield>
        </datafield>
        <datafield tag="041" ind1=" " ind2=" ">
            <subfield code="a">spa</subfield>
        </datafield>
        <datafield tag="100" ind1="1" ind2=" ">
            <subfield code="a">JIMENEZ ROBRES, ELENA</subfield>
        </datafield>
        <datafield tag="242" ind1="0" ind2="0">
            <subfield code="a">THE TAX ON REAL PROPERTY: A STUDY FOR THE MUNICIPALITY OF ZARAGOZA AND COMPARATIVE WITH SOME MUNICIPALITIES OF ITS ENVIRONMENT</subfield>
        </datafield>
        <datafield tag="245" ind1="0" ind2="0">
            <subfield code="a">EL IMPUESTO SOBRE BIENES INMUEBLES: UN ESTUDIO PARA EL MUNICIPIO DE ZARAGOZA Y COMPARATIVA CON ALGUNOS MUNICIPIOS DE SU ENTORNO</subfield>
        </datafield>
        <datafield tag="260" ind1=" " ind2=" ">
            <subfield code="a">Zaragoza</subfield>
            <subfield code="b">Universidad de Zaragoza</subfield>
            <subfield code="c">2019</subfield>
        </datafield>
        <datafield tag="506" ind1=" " ind2=" ">
            <subfield code="a">by-nc-sa</subfield>
            <subfield code="b">Creative Commons</subfield>
            <subfield code="c">3.0</subfield>
            <subfield code="u">http://creativecommons.org/licenses/by-nc-sa/3.0/</subfield>
        </datafield>
        <datafield tag="520" ind1=" " ind2=" ">
            <subfield code="a">En este trabajo se realiza un análisis de la aplicación del Impuesto sobre Bienes Inmuebles en el término municipal de Zaragoza comparándolo con otros municipios de su contorno, en concreto, con los municipios de La Muela, Cuarte de Huerva, La Puebla de Alfindén y Villanueva de Gállego. Todos ellos se encuentran a una distancia no superior a 25 Km. de Zaragoza y, cada uno de ellos, se asienta en una carretera radial distinta, en concreto, en dirección a Madrid, Valencia, Barcelona y Huesca, respectivamente. Estas poblaciones se caracterizan por el auge inmobiliario que han alcanzado –a la sombra de la ciudad de Zaragoza- durante la última expansión del sector de la construcción residencial que se inicia en 1998 y concluye con el estallido de la burbuja inmobiliaria en 2008.&lt;br />&lt;br /></subfield>
        </datafield>
        <datafield tag="521" ind1=" " ind2=" ">
            <subfield code="a">Graduado en Administración y Dirección de Empresas</subfield>
        </datafield>
        <datafield tag="540" ind1=" " ind2=" ">
            <subfield code="a">Derechos regulados por licencia Creative Commons</subfield>
        </datafield>
        <datafield tag="700" ind1=" " ind2=" ">
            <subfield code="a">Trueba Cortés, Carmen</subfield>
            <subfield code="e">dir.</subfield>
        </datafield>
        <datafield tag="710" ind1="2" ind2=" ">
            <subfield code="a">Universidad de Zaragoza</subfield>
            <subfield code="b"> </subfield>
            <subfield code="c"></subfield>
        </datafield>
        <datafield tag="856" ind1="0" ind2=" ">
            <subfield code="f">683433@celes.unizar.es</subfield>
        </datafield>
        <datafield tag="856" ind1="4" ind2=" ">
            <subfield code="s">370950</subfield>
            <subfield code="u">http://zaguan.unizar.es/record/86898/files/TAZ-TFG-2019-3922.pdf</subfield>
            <subfield code="y">Memoria (spa)</subfield>
        </datafield>
        <datafield tag="909" ind1="C" ind2="O">
            <subfield code="o">oai:zaguan.unizar.es:86898</subfield>
            <subfield code="p">driver</subfield>
            <subfield code="p">trabajos-fin-grado</subfield>
        </datafield>
        <datafield tag="950" ind1=" " ind2=" ">
            <subfield code="a"></subfield>
        </datafield>
        <datafield tag="951" ind1=" " ind2=" ">
            <subfield code="a">deposita:2020-01-08</subfield>
        </datafield>
        <datafield tag="980" ind1=" " ind2=" ">
            <subfield code="a">TAZ</subfield>
            <subfield code="b">TFG</subfield>
            <subfield code="c">ECON</subfield>
        </datafield>
        <datafield tag="999" ind1=" " ind2=" ">
            <subfield code="a">20191009222817.CREATION_DATE</subfield>
        </datafield>
    </record>

    
</collection>